000 00671nam a2200217 a 4500
001 BRCA_1811
005 20190320203547.0
008 940406s1993 mx-a---###---#000-0#spa-#
020 _a9686651624
040 _aDLC
_cDLC
050 4 _aHD2346.M4
_b.K57 1993
100 1 _aKirchner, Ricardo
_95638
245 1 0 _aOficios de México
_cfotografía Ricardo Kirchner ; textos Cristina Pacheco.
260 _aMéxico
_bNacional Financiera
_c1993
300 _a131 p.
_bil. a color
_c28 cm.
500 _aColección Sonia Corcuera de Mancera
650 1 4 _aArtesanos
_xTrabajos Ilustrados
_zMéxico
_95639
700 1 _aPacheco, Cristina
_95640
902 _aDSC
942 _2lcc
_cB
999 _c1592
_d1592